[Event "ECU-ch Schools U15 Clas1"]
[Site "Chess.com INT"]
[Date "2020.11.05"]
[Round "4"]
[White "Munoz Espinoza, Gian Sebastian"]
[Black "Pineda Martínez, Henry Gabriel"]
[Result "0-1"]
[WhiteElo "187"]
[BlackElo "230"]
[PlyCount "28"]
[EventDate "2020.11.05"]
[EventType "swiss"]
[EventRounds "9"]
[EventCountry "ECU"]
[SourceTitle "EXT 2022"]
[Source "ChessBase"]
[SourceDate "2021.10.06"]
[SourceVersion "1"]
[SourceVersionDate "2021.10.06"]
[SourceQuality "1"]

1. d4 d5 2. Nf3 Nc6 3. e3 Nf6 4. Bd3 Bg4 5. Nbd2 e6 6. b3 Bb4 7. h3 Bh5 8. g4 Bg6 9. Bxg6 hxg6 10. Bb2 Qd6 11. g5 Ne4 12. c3 Bxc3 13. Bxc3 Nxc3 14. Ne5 Nxd1 0-1

[Event "ECU-ch Schools U15 Clas1"]
[Site "Chess.com INT"]
[Date "2020.11.05"]
[Round "3"]
[White "Pineda Martínez, Henry Gabriel"]
[Black "Reyes Proano, Kenneth Patricio"]
[Result "1-0"]
[WhiteElo "230"]
[BlackElo "193"]
[PlyCount "95"]
[EventDate "2020.11.05"]
[EventType "swiss"]
[EventRounds "9"]
[EventCountry "ECU"]
[SourceTitle "EXT 2022"]
[Source "ChessBase"]
[SourceDate "2021.10.06"]
[SourceVersion "1"]
[SourceVersionDate "2021.10.06"]
[SourceQuality "1"]

1. e4 e5 2. Nf3 Nc6 3. Nc3 Bc5 4. Bc4 Nf6 5. d3 d6 6. Bg5 h6 7. Bh4 g5 8. Bg3 Be6 9. Bxe6 fxe6 10. 0-0 Ng4 11. Qd2 Bxf2+ 12. Rxf2 Nxf2 13. Bxf2 g4 14. Nh4 Rf8 15. Qxh6 Qe7 16. Ng6 Qf6 17. Bh4 Qf1+ 18. Rxf1 Rxf1+ 19. Kxf1 Kd7 20. Qg7+ Ke8 21. Qf8+ Kd7 22. Qh6 b5 23. Nxb5 Rb8 24. c4 a6 25. Na7 Nxa7 26. Qg7+ Kc6 27. Bf2 Rxb2 28. Ne7+ Kb7 29. Qf8 a5 30. d4 Ka6 31. dxe5 Nb5 32. cxb5+ Kxb5 33. Qb8+ Kc4 34. Qxb2 c6 35. Qd4+ Kb5 36. Qb6+ Ka4 37. Nxc6 Ka3 38. Qxa5+ Kb2 39. Qb4+ Kc2 40. Nd4+ Kd3 41. Qb6 Kc4 42. Qb5+ Kc3 43. Qb3+ Kd2 44. Qb2+ Kd3 45. Ke1 Kc4 46. Qb5+ Kc3 47. Kd1 d5 48. Qb3# 1-0